Normal view
MARC view
- المحاسبة الادارية
Entry Topical Term
001 - CONTROL NUMBER
- control field: 28763
003 - CONTROL NUMBER IDENTIFIER
- control field: JO-AjAnu
005 - DATE AND TIME OF LATEST TRANSACTION
- control field: 20230606074854.0
008 - FIXED-LENGTH DATA ELEMENTS
- fixed length control field: 230606|| aca||aabn | a|a d
040 ## - CATALOGING SOURCE
- Original cataloging agency: JO-AjAnu
- Transcribing agency: JO-AjAnu
150 ## - HEADING--TOPICAL TERM
- Topical term or geographic name entry element: المحاسبة الادارية
670 ## - SOURCE DATA FOUND
- Source citation: Work cat.: (JO-AjAnu)14763: يدوي، محمد عباس/ م.مشارك: الاميرة ابراهيم عثمان، اشرف صلاح الدين صلاح, author 28762, المحاسبة الادارية ودراسات الجدوى الاقتصادية